[Event "Oberliga Nord O 1819"]
[Site "Germany"]
[Date "2019.01.20"]
[Round "5.5"]
[White "Emig, Edgar"]
[Black "Kather, Yannick"]
[Result "0-1"]
[WhiteElo "2135"]
[BlackElo "2136"]
[PlyCount "92"]
[EventDate "2018.10.21"]
[EventType "team-tourn"]
[EventRounds "9"]
[EventCountry "GER"]
[SourceTitle "EXT 2020"]
[Source "ChessBase"]
[SourceDate "2019.10.17"]
[SourceVersion "1"]
[SourceVersionDate "2019.10.17"]
[SourceQuality "1"]
[WhiteTeam "Berlin Makkabi"]
[BlackTeam "Koenig Tegel II"]
[WhiteTeamCountry "GER"]
[BlackTeamCountry "GER"]

1. e4 c5 2. Nf3 Nc6 3. Bb5 g6 4. d4 cxd4 5. Bxc6 dxc6 6. Qxd4 Qxd4 7. Nxd4 Bg7 8. c3 Nf6 9. f3 Nd7 10. Be3 0-0 11. Nd2 Ne5 12. 0-0-0 c5 13. Nb5 Bd7 14. Nc7 Rac8 15. Nd5 Rfe8 16. f4 Nd3+ 17. Kc2 Bb5 18. c4 Nb4+ 19. Kb1 Nxd5 20. exd5 Bd7 21. h3 h5 22. Rhe1 Bf5+ 23. Kc1 b5 24. cxb5 Rb8 25. a4 a6 26. Bxc5 axb5 27. a5 Rec8 28. Nb3 Rxc5+ 29. Nxc5 Rc8 30. b4 Bc3 31. Re4 Bxe4 32. Nxe4 Bxb4+ 33. Kb2 Bxa5 34. Ra1 Rc4 35. Nf6+ exf6 36. Rxa5 Rc5 37. d6 Rd5 38. Kc2 Rxd6 39. Rxb5 Rd4 40. f5 Kg7 41. Rb3 Kh6 42. Rf3 Kg5 43. g3 h4 44. g4 Rf4 45. Re3 Rf2+ 46. Kd3 Kf4 0-1

[Event "Oberliga Nord O 1718"]
[Site "Germany"]
[Date "2017.10.23"]
[Round "2.5"]
[White "Emig, Edgar"]
[Black "Kuersten, Ruediger"]
[Result "1-0"]
[WhiteElo "2128"]
[BlackElo "2169"]
[PlyCount "101"]
[EventDate "2017.10.08"]
[EventType "team-tourn"]
[EventRounds "9"]
[EventCountry "GER"]
[SourceTitle "EXT 2019"]
[Source "ChessBase"]
[SourceDate "2018.10.10"]
[SourceVersion "1"]
[SourceVersionDate "2018.10.10"]
[SourceQuality "1"]
[WhiteTeam "Berlin Makkabi"]
[BlackTeam "Greifswald"]
[WhiteTeamCountry "GER"]
[BlackTeamCountry "GER"]

1. c4 c6 2. e4 d5 3. cxd5 cxd5 4. exd5 Nf6 5. Nc3 Nxd5 6. Bc4 e6 7. Nf3 Nc6 8. 0-0 Be7 9. d4 0-0 10. Be3 b6 11. Nxd5 exd5 12. Bb5 Bd7 13. Qa4 Nb8 14. Ne5 Bxb5 15. Qxb5 a6 16. Qb3 Ra7 17. Rac1 Qd6 18. Rc2 f6 19. Nd3 g5 20. f4 a5 21. a4 Bd8 22. fxg5 fxg5 23. Rxf8+ Kxf8 24. Rc8 Kg7 25. Ne5 Na6 26. Rxd8 Qxd8 27. Nc6 Qd7 28. Nxa7 Qxa7 29. Qxd5 h6 30. Qe5+ Kg6 31. Qe6+ Kh7 32. d5 Nc5 33. Qf5+ Kg8 34. Qc8+ Kf7 35. Qf5+ Ke8 36. Kf2 Qe7 37. Qg6+ Kf8 38. Qxh6+ Kg8 39. Qg6+ Kf8 40. Qf5+ Kg7 41. Bd4+ Kh6 42. Bxc5 Qxc5+ 43. Kf3 Qd4 44. Qe6+ Kg7 45. Qe7+ Kh6 46. Qf8+ Kg6 47. Qe8+ Kh6 48. Qc6+ Kg7 49. Qc3 Qxc3+ 50. bxc3 b5 51. Ke2 1-0

[Event "Oberliga Nord O 1617"]
[Site "Germany"]
[Date "2017.04.23"]
[Round "8.6"]
[White "Syre, Christian"]
[Black "Emig, Edgar"]
[Result "1/2-1/2"]
[WhiteElo "2204"]
[BlackElo "2149"]
[PlyCount "83"]
[EventDate "2016.10.16"]
[EventType "team-tourn"]
[EventRounds "9"]
[EventCountry "GER"]
[SourceTitle "EXT 2018"]
[Source "ChessBase"]
[SourceDate "2017.10.13"]
[SourceVersion "1"]
[SourceVersionDate "2017.10.13"]
[SourceQuality "1"]
[WhiteTeam "Oberschoeneweide"]
[BlackTeam "Berlin Makkabi"]
[WhiteTeamCountry "GER"]
[BlackTeamCountry "GER"]

1. d4 Nf6 2. c4 e6 3. Nc3 d5 4. Bg5 Nbd7 5. cxd5 exd5 6. e3 c6 7. Bd3 Be7 8. Qc2 0-0 9. Nf3 Re8 10. 0-0 Nf8 11. h3 Ng6 12. Bxf6 Bxf6 13. b4 a6 14. a4 Bd7 15. b5 Kh8 16. bxc6 Bxc6 17. Rfc1 Qd7 18. a5 Nh4 19. Nxh4 Bxh4 20. Na4 Bxa4 21. Qxa4 Qxa4 22. Rxa4 Rec8 23. Rb1 Rc3 24. Bf1 Rc7 25. g3 Bd8 26. Bg2 Rd7 27. Rc1 Be7 28. Ra2 g6 29. Rac2 Bb4 30. Ra2 Be7 31. Rc3 Kg7 32. h4 f5 33. Bf3 Kf7 34. Bd1 Bd8 35. Ba4 Rd6 36. Rb2 Rb8 37. Rcb3 b5 38. axb6 Rdxb6 39. Kf1 Rxb3 40. Bxb3 Rb5 41. Ke2 a5 42. Rb1 1/2-1/2

[Event "Berlin-ch MT"]
[Site "Berlin"]
[Date "2016.04.02"]
[Round "8"]
[White "Moeller, Hendrik"]
[Black "Emig, Edgar"]
[Result "1-0"]
[WhiteElo "2305"]
[BlackElo "2155"]
[PlyCount "51"]
[EventDate "2016.03.26"]
[EventType "swiss"]
[EventRounds "9"]
[EventCountry "GER"]
[SourceTitle "EXT 2022"]
[Source "ChessBase"]
[SourceDate "2021.10.06"]
[SourceVersion "1"]
[SourceVersionDate "2021.10.06"]
[SourceQuality "1"]

1. c4 c5 2. Nf3 Nc6 3. d4 cxd4 4. Nxd4 g6 5. g3 Bg7 6. Nc2 d6 7. Bg2 Be6 8. Ne3 Nh6 9. Nc3 Qd7 10. Bd2 0-0 11. 0-0 Ng4 12. Ned5 Nge5 13. b3 Bh3 14. Rc1 h5 15. Ne4 Bxg2 16. Kxg2 h4 17. f3 Nd4 18. Bg5 Nf5 19. Bxe7 Kh8 20. Bxf8 Rxf8 21. g4 h3+ 22. Kh1 Nh4 23. Qe1 Qd8 24. Qg3 f5 25. gxf5 Rxf5 26. f4 1-0

[Event "Berlin-ch MT"]
[Site "Berlin"]
[Date "2016.04.01"]
[Round "7"]
[White "Emig, Edgar"]
[Black "Schliebener, Stephan"]
[Result "1-0"]
[WhiteElo "2155"]
[BlackElo "2249"]
[PlyCount "94"]
[EventDate "2016.03.26"]
[EventType "swiss"]
[EventRounds "9"]
[EventCountry "GER"]
[SourceTitle "EXT 2022"]
[Source "ChessBase"]
[SourceDate "2021.10.06"]
[SourceVersion "1"]
[SourceVersionDate "2021.10.06"]
[SourceQuality "1"]

1. e4 d6 2. d4 Nf6 3. Nc3 e5 4. dxe5 dxe5 5. Qxd8+ Kxd8 6. Bc4 Be6 7. Bxe6 fxe6 8. Nge2 Nbd7 9. Be3 Bd6 10. f3 a6 11. 0-0-0 Ke7 12. Kb1 b5 13. Nc1 Rhb8 14. Nd3 c5 15. h4 c4 16. Nf2 Bc5 17. Rhe1 a5 18. a4 Bb4 19. axb5 a4 20. Ka2 a3 21. Ra1 Nc5 22. Bxc5+ Bxc5 23. Nfd1 Ne8 24. Kb1 Nd6 25. Re2 Ra5 26. Ra2 Nxb5 27. Nxb5 Raxb5 28. c3 Rd8 29. Kc2 Rb3 30. bxa3 Bxa3 31. Rd2 Rxd2+ 32. Kxd2 Kd6 33. Kc2 Kc5 34. Ne3 h5 35. Nf1 Bc1 36. Kxc1 Rxc3+ 37. Rc2 Ra3 38. Nd2 Ra1+ 39. Kb2 Ra4 40. Nb3+ Kb4 41. Nc1 Kc5 42. Rc3 Ra8 43. Ra3 Rxa3 44. Kxa3 Kd4 45. Kb4 Ke3 46. Kxc4 Kf2 47. Nd3+ Kxg2 1-0

[Event "Berlin-ch MT"]
[Site "Berlin"]
[Date "2016.03.26"]
[Round "1"]
[White "Von Herman, Ulf"]
[Black "Emig, Edgar"]
[Result "1-0"]
[WhiteElo "2357"]
[BlackElo "2155"]
[PlyCount "57"]
[EventDate "2016.03.26"]
[EventType "swiss"]
[EventRounds "9"]
[EventCountry "GER"]
[SourceTitle "EXT 2022"]
[Source "ChessBase"]
[SourceDate "2021.10.06"]
[SourceVersion "1"]
[SourceVersionDate "2021.10.06"]
[SourceQuality "1"]

1. e4 Nf6 2. e5 Nd5 3. Nc3 e6 4. d4 d6 5. Nf3 Be7 6. Bd3 Nc6 7. a3 dxe5 8. dxe5 f6 9. exf6 Bxf6 10. Ne4 0-0 11. Neg5 h6 12. Nh7 Re8 13. Qe2 e5 14. Qe4 Nd4 15. Qg6 e4 16. Nxf6+ Nxf6 17. Bc4+ Be6 18. Nxd4 Qxd4 19. Bxe6+ Rxe6 20. Bxh6 Qd7 21. Be3 Nd5 22. Qg5 Nxe3 23. Qxe3 Rg6 24. 0-0 Qg4 25. Qg3 Qh5 26. Qxc7 Qg4 27. Qg3 Qf5 28. Qb3+ Kh7 29. Rae1 1-0

[Event "Berlin-ch"]
[Site "Berlin"]
[Date "2014.04.27"]
[Round "9"]
[White "Welz, Peter"]
[Black "Emig, Edgar"]
[Result "0-1"]
[WhiteElo "2123"]
[BlackElo "2152"]
[PlyCount "58"]
[EventDate "2014.04.19"]
[EventType "swiss"]
[EventRounds "9"]
[EventCountry "GER"]
[SourceTitle "EXT 2015"]
[Source "ChessBase"]
[SourceDate "2014.11.20"]
[SourceVersion "1"]
[SourceVersionDate "2014.11.20"]
[SourceQuality "1"]

1. e4 Nf6 2. e5 Nd5 3. d4 d6 4. c4 Nb6 5. f4 dxe5 6. fxe5 Nc6 7. Be3 Bf5 8. Nc3 e6 9. Nf3 Qd7 10. Qd2 Be7 11. Be2 Bg4 12. 0-0 Rd8 13. Rad1 0-0 14. c5 Nd5 15. Nxd5 Qxd5 16. b4 b6 17. b5 Na5 18. cxb6 axb6 19. Qc2 c6 20. Bd3 h6 21. bxc6 Nxc6 22. Be4 Nb4 23. Qb1 Qxa2 24. Bh7+ Kh8 25. Qe4 Qd5 26. Qxg4 Kxh7 27. h4 f5 28. Qf4 Qe4 29. h5 Nd5 0-1

[Event "Berlin-ch"]
[Site "Berlin"]
[Date "2014.04.26"]
[Round "8"]
[White "Emig, Edgar"]
[Black "Boettcher, Patrick"]
[Result "0-1"]
[WhiteElo "2152"]
[BlackElo "2179"]
[PlyCount "106"]
[EventDate "2014.04.19"]
[EventType "swiss"]
[EventRounds "9"]
[EventCountry "GER"]
[SourceTitle "EXT 2015"]
[Source "ChessBase"]
[SourceDate "2014.11.20"]
[SourceVersion "1"]
[SourceVersionDate "2014.11.20"]
[SourceQuality "1"]

1. e4 c5 2. Nf3 e6 3. Nc3 Nc6 4. Bb5 Qc7 5. a4 d6 6. 0-0 Bd7 7. Re1 Nge7 8. Bc4 a6 9. d3 g6 10. Bg5 Bg7 11. Qd2 h6 12. Bf4 g5 13. Bg3 Ne5 14. Nxe5 dxe5 15. a5 Ng6 16. Na4 0-0 17. Nb6 Rad8 18. Qe3 Kh7 19. f3 Rfe8 20. Rad1 Nf4 21. Bf2 Bf8 22. c3 Bc6 23. Qc1 Bg7 24. Bxc5 Bxe4 25. fxe4 Qxc5+ 26. Qe3 Qxe3+ 27. Rxe3 g4 28. Bb3 h5 29. g3 Nh3+ 30. Kg2 Bh6 31. Re2 Bg7 32. Nc4 f5 33. Bc2 f4 34. Ree1 Rf8 35. Nd2 Bh6 36. Ra1 f3+ 37. Nxf3 Rxf3 38. Rf1 Rdf8 39. Rxf3 Rxf3 40. Rf1 Rxf1 41. Kxf1 Bc1 42. d4 Bxb2 43. d5 Bxc3 44. dxe6 Kg7 45. Bb3 Kf6 46. Bd5 Bxa5 47. Bxb7 Ng5 48. Kg2 Kxe6 49. Bxa6 Nxe4 50. h3 Kf5 51. Bd3 Be1 52. Bc2 Bxg3 53. Bd3 Kf4 0-1

[Event "Berlin-ch"]
[Site "Berlin"]
[Date "2014.04.24"]
[Round "6"]
[White "Emig, Edgar"]
[Black "Heerde, Thomas"]
[Result "1-0"]
[WhiteElo "2152"]
[BlackElo "2023"]
[PlyCount "75"]
[EventDate "2014.04.19"]
[EventType "swiss"]
[EventRounds "9"]
[EventCountry "GER"]
[SourceTitle "EXT 2015"]
[Source "ChessBase"]
[SourceDate "2014.11.20"]
[SourceVersion "1"]
[SourceVersionDate "2014.11.20"]
[SourceQuality "1"]

1. e4 c5 2. Nf3 Nc6 3. Bb5 g6 4. 0-0 Bg7 5. Re1 e5 6. Bxc6 dxc6 7. b3 Ne7 8. Bb2 Qc7 9. Qe2 0-0 10. h3 b6 11. a4 h6 12. Na3 Be6 13. Nc4 f6 14. Qe3 Kh7 15. Rad1 Rae8 16. Qd3 g5 17. a5 Rd8 18. axb6 axb6 19. Qc3 Ng6 20. Ra1 Nf4 21. Kh2 Rg8 22. Ra6 Bxh3 23. gxh3 Qc8 24. Nxg5+ hxg5 25. Ra7 Rd3 26. Qxd3 Nxd3 27. cxd3 Kg6 28. Ne3 Rd8 29. Nf5 Bf8 30. Rea1 b5 31. Kg3 Qe6 32. Kg4 Qxb3 33. h4 gxh4 34. Nxh4+ Kh6 35. Nf5+ Kg6 36. Rg1 Be7 37. Rxe7 Rg8 38. Kh4# 1-0

[Event "Berlin-ch"]
[Site "Berlin"]
[Date "2014.04.21"]
[Round "3"]
[White "Jahnz, Fabian"]
[Black "Emig, Edgar"]
[Result "1/2-1/2"]
[WhiteElo "2201"]
[BlackElo "2152"]
[PlyCount "168"]
[EventDate "2014.04.19"]
[EventType "swiss"]
[EventRounds "9"]
[EventCountry "GER"]
[SourceTitle "EXT 2015"]
[Source "ChessBase"]
[SourceDate "2014.11.20"]
[SourceVersion "1"]
[SourceVersionDate "2014.11.20"]
[SourceQuality "1"]

1. e4 c5 2. c3 d6 3. d4 Nf6 4. Bd3 g6 5. Nf3 Bg7 6. 0-0 0-0 7. h3 Nbd7 8. Nbd2 Qc7 9. a4 e6 10. Re1 Nh5 11. Nf1 b6 12. Bg5 a6 13. Qe2 Bb7 14. N1h2 e5 15. Ng4 Nf4 16. Bxf4 exf4 17. Qd2 h5 18. Ngh2 c4 19. Bc2 Bh6 20. g4 f6 21. Nh4 Kf7 22. gxh5 gxh5 23. Nf5 Rh8 24. Nxh6+ Rxh6 25. Qxf4 Rg6+ 26. Kh1 Nf8 27. Nf3 Ne6 28. Qe3 Qd7 29. Rg1 Rag8 30. Rxg6 Rxg6 31. Rg1 Ng5 32. Nxg5+ fxg5 33. Kh2 g4 34. Rg3 b5 35. axb5 Qxb5 36. e5 Rg7 37. Qf4+ Kg8 38. Be4 dxe5 39. dxe5 Bxe4 40. Qxe4 Qc5 41. Rg2 Qe7 42. Qxc4+ Kh7 43. Qe4+ Kh6 44. hxg4 hxg4 45. Rxg4 Rxg4 46. Qxg4 Qxe5+ 47. f4 Qd6 48. Qg5+ Kh7 49. Qf5+ Kh6 50. Kg3 Qb6 51. Qg5+ Kh7 52. Qe7+ Kh6 53. Qf8+ Kg6 54. Qg8+ Kh6 55. Qh8+ Kg6 56. Qe8+ Kh6 57. Kg4 Qxb2 58. Qh8+ Kg6 59. f5+ Kf7 60. Qh7+ Kf8 61. Qh6+ Kf7 62. Qe6+ Kf8 63. Qd6+ Kf7 64. Qc7+ Kf6 65. Qc6+ Kf7 66. Qg6+ Kf8 67. Qf6+ Kg8 68. Qe6+ Kf8 69. Qc8+ Kf7 70. Qc4+ Kg7 71. Qd4+ Kf7 72. Kf4 Qh2+ 73. Ke4 Qg2+ 74. Ke5 Qg3+ 75. Kd5 Qf3+ 76. Kc5 Qxf5+ 77. Qd5+ Qxd5+ 78. Kxd5 a5 79. Kc5 Ke6 80. Kb5 Kd6 81. c4 a4 82. c5+ Kc7 83. Kxa4 Kc6 84. Kb3 Kxc5 1/2-1/2

[Event "Berlin-ch QT"]
[Site "Berlin"]
[Date "2013.04.04"]
[Round "6"]
[White "Schmidt, Juergen"]
[Black "Emig, Edgar"]
[Result "1/2-1/2"]
[WhiteElo "2017"]
[BlackElo "2004"]
[PlyCount "56"]
[EventDate "2013.03.30"]
[EventType "swiss"]
[EventRounds "9"]
[EventCountry "GER"]
[SourceTitle "EXT 2023"]
[Source "ChessBase"]
[SourceDate "2022.10.05"]
[SourceVersion "1"]
[SourceVersionDate "2022.10.05"]
[SourceQuality "1"]

1. e4 Nf6 2. Nc3 d5 3. exd5 Nxd5 4. Nxd5 Qxd5 5. Nf3 Bg4 6. Be2 e5 7. 0-0 f6 8. c4 Qd6 9. d4 Nc6 10. dxe5 fxe5 11. Qb3 Be7 12. Re1 0-0-0 13. h3 Bf5 14. Be3 Qg6 15. Kh1 Bc2 16. Qc3 Bb4 17. Nxe5 Bxc3 18. Nxg6 Bxe1 19. Nxh8 Bxf2 20. Bxf2 Rxh8 21. Bg4+ Kb8 22. Re1 Bd3 23. b3 Bg6 24. Bf3 Re8 25. Rd1 Ne5 26. Be2 a6 27. Rd2 Nc6 28. Bf3 Ne5 1/2-1/2

[Event "Berlin-ch QT"]
[Site "Berlin"]
[Date "2013.04.03"]
[Round "5"]
[White "Jaeger, Tobias"]
[Black "Emig, Edgar"]
[Result "0-1"]
[WhiteElo "2058"]
[BlackElo "2004"]
[PlyCount "118"]
[EventDate "2013.03.30"]
[EventType "swiss"]
[EventRounds "9"]
[EventCountry "GER"]
[SourceTitle "EXT 2023"]
[Source "ChessBase"]
[SourceDate "2022.10.05"]
[SourceVersion "1"]
[SourceVersionDate "2022.10.05"]
[SourceQuality "1"]

1. d4 Nf6 2. c4 e6 3. Nf3 d5 4. Nc3 c6 5. e3 Nbd7 6. Qc2 Bd6 7. Bd3 dxc4 8. Bxc4 b5 9. Bd3 Bb7 10. 0-0 0-0 11. Bd2 Qe7 12. Rfe1 h6 13. e4 e5 14. Ne2 c5 15. dxe5 Bxe5 16. Nxe5 Nxe5 17. Ng3 c4 18. Bf1 Rfd8 19. f3 Nd3 20. Re2 Bc8 21. Be3 Be6 22. Rd2 Nb4 23. Qc3 Rxd2 24. Bxd2 Nc6 25. Be3 Rd8 26. a3 a5 27. Qc2 Qd6 28. Nh1 Nd4 29. Qc3 Nb3 30. Re1 b4 31. axb4 axb4 32. Qc2 Nd4 33. Qf2 Nb3 34. Qc2 Ne8 35. Nf2 Nd4 36. Bxd4 Qxd4 37. Rd1 b3 38. Qc1 Qb6 39. Rxd8 Qxd8 40. Qc3 Nd6 41. Qb4 Qc7 42. f4 f5 43. exf5 Nxf5 44. Qd2 Qb6 45. g3 Qe3 46. Qb4 Qd4 47. Qb8+ Kh7 48. Qe5 Qxe5 49. fxe5 Ne3 50. Be2 c3 51. bxc3 b2 52. Bd3+ Bf5 53. Ne4 Kg8 54. Bb1 Bxe4 55. Bxe4 Nd1 56. c4 Nc3 57. Bd3 b1Q+ 58. Bxb1 Nxb1 59. Kf2 Nd2 0-1